000 00482nam a2200181Ia 4500
003 GCL
008 140319s9999 xx 000 0 ara d
040 _aGCL /
_cGCL
082 0 4 _a346.05
_bم ا
100 1 _aمحمد سراج
245 1 0 _aاحكام الوقف فى الفقة والقانون /
_cمحمد سراج
300 _a278 ص
490 _a
650 0 4 _aالوقف
650 0 4 _aالقانون المدنى
650 0 4 _aفقه الاسلام
942 _2ddc
_cBK
999 _c39788
_d39788